Falšovanie značiek vo svete módy. Návrhy a odporúčania pre značku Louis Vuitton bakalárska práca

Guardado en:
Detalles Bibliográficos
Autor principal: Vargová, Erika
Autor Corporativo: Obchodná fakulta EU. Katedra marketingu
Otros Autores: Lukačovičová, Zuzana
Formato: Libro
Lenguaje:eslovaco
Publicado: Bratislava 2014
Etiquetas: Agregar Etiqueta
Sin Etiquetas, Sea el primero en etiquetar este registro!

MARC

LEADER 00000nbm a2200000 4500
001 0188179
005 20170201100242.5
041 0 |a slo 
044 |a SK 
245 1 0 |a Falšovanie značiek vo svete módy. Návrhy a odporúčania pre značku Louis Vuitton  |b bakalárska práca  |c Erika Vargová ; školiteľ: Zuzana Lukačovičová 
264 1 |a Bratislava  |c 2014 
300 |a 51 s. 
100 1 |a Vargová, Erika 
700 1 |a Lukačovičová, Zuzana 
710 2 |a Obchodná fakulta EU. Katedra marketingu